000 00579nam a2200181 a 4500
008 120416s1975 ||||||||||||||||| || u
020 _a0304296058
050 _aPS 3537.T669G7
100 _aStone, Irving
245 1 4 _aThe Greek treasure
246 _aa biographical novel of Henry and Sophie Schliemann
260 _aLondon
_bCassell
_c1975
300 _a479p.
350 _a0.00
650 4 _aBIOGRAPHY
650 _aGREEK TREASURE
995 _D0.00
_FCBU-MAIN LIBRARY (Kitwe)
_H1
_I4.95
_M1
_UAVAILABLE
_ZFiction Collection
999 _c44928
_d44928